LEADER 00983nam a2200265 i 4500 001 991001123059707536 005 20020507183703.0 008 980601s1970 ||| ||| | eng 035 $ab10804110-39ule_inst 035 $aLE01307394$9ExL 040 $aDip.to Matematica$beng 082 0 $a510 084 $aAMS 00A06 100 1 $aAshvinikumar$0536049 245 10$aMathematics for chemists and engineers /$cby Ashvinikumar and A. Ramaswamy ; with a foreword by T. R. Seshadri 260 $aDelhi :$bHindustan Publ. Corp.,$cc1970 300 $axii, 195 p. ;$c22 cm. 650 4$aMathematics for nonmathematicians 700 1 $aRamaswamy, A. 907 $a.b10804110$b21-09-06$c28-06-02 912 $a991001123059707536 945 $aLE013 00A ASH11 (1970)$g1$i2013000099590$lle013$o-$pE0.00$q-$rl$s- $t0$u0$v0$w0$x0$y.i10908523$z28-06-02 996 $aMathematics for chemists and engineers$9925873 997 $aUNISALENTO 998 $ale013$b01-01-98$cm$da $e-$feng$gxx $h0$i1 LEADER 02837nam 2200589 u 450 001 9910591156403321 005 20240111170711.0 010 $a9789240020382 035 $a(BeLU)9922463738302321 035 $a(MiAaPQ)EBC30478007 035 $a(Au-PeEL)EBL30478007 035 $a(CKB)24836174600041 035 $a(EXLCZ)9924836174600041 100 $a20220906d2021 uy 0 101 0 $afre 135 $aur||||||||||| 181 $ctxt$2rdacontent 182 $cc$2rdamedia 183 $acr$2rdacarrier 200 10$aContentieux relatifs à la réglementation des nouveaux produits du tabac et à base de nicotine $ecomparaison entre les pays /$fOrganisation mondiale de la Santé 205 $a1st ed. 210 1$aGenève :$cOrganisation mondiale de la Santé,$d2021. 215 $a1 ressource en ligne (iv, 21 pages) 311 $aVersion imprimée : 9789240020399 320 $aContient des références bibliographiques 327 $aIntro -- _Hlk47543297 -- _Hlk25645409 -- _Hlk24731549 -- _GoBack -- _Hlk47544834 -- _Hlk51237501 -- _Hlk51232493 -- _Hlk51229344 -- _Hlk51233475 -- _Hlk51233680 -- _Hlk51233739 -- _Hlk51250021 -- _Hlk51232924 -- _Hlk51237515 -- _Hlk51237520 -- _Hlk51237516 -- _Hlk51237518 -- _Hlk51237512 -- Résumé d'orientation -- Introduction et portée -- Portée et méthodologie -- Caractéristiques du produit et communication d'informations à son sujet -- Obstacles à la classification au titre des lois existantes -- Interdiction et proportionnalité -- Interdictions relatives aux arômes -- Allégations sanitaires et publicité, promotion et parrainage -- Comportements trompeurs et fausses allégations -- Restrictions en matière de publicité, de promotion et de parrainage -- Conclusion -- _GoBack. 606 $aTobacco Products 606 $aTobacco Industry 606 $aPublic Health 606 $aElectronic Nicotine Delivery Systems 606 $aTobacco Use Disorder 606 $aTabac$3(IDREF)027276945$2idref 606 $aIndustrie et commerce$3(IDREF)027789721$2idref 606 $aSanté publique$3(IDREF)027248135$2idref 606 $aTabagisme$3(IDREF)027290328$2idref 606 $aCigarettes électroniques$3(IDREF)17197851X$2idref 615 2$aTobacco Products. 615 2$aTobacco Industry. 615 2$aPublic Health. 615 2$aElectronic Nicotine Delivery Systems. 615 2$aTobacco Use Disorder. 615 7$aTabac 615 7$aIndustrie et commerce. 615 7$aSanté publique. 615 7$aTabagisme 615 7$aCigarettes électroniques. 712 02$aWorld Health Organization,$4edt 801 0$bBeLU 801 1$bBeLU 912 $a9910591156403321 996 $aContentieux relatifs à la réglementation des nouveaux produits du tabac et à base de nicotine$92920284 997 $aUNINA